000 00777nam a2200241 a 4500
001 61083
003 BD-RjUL
005 20211209080923.0
008 170115s19641955nyua 000 0 eng d
035 _a(BD-RjUL)61207
040 _aBD-RjUL
_cBD-RjUL
_beng
041 _aeng
082 0 0 _a371.335
_223
_bHAP 1964
100 1 _aHaas, Kenneth Brooks,
_d1898-
_9182292
245 1 0 _aPreparation and use of audio-visual aids /
_c[by] Kenneth B. Haas [and] Harry Q. Packer. Drawings by Bert Paul Kuhn.
250 _a3d ed.
260 _aNew York :
_bPrentice-Hall,
_c1955 [reprnted 1964].
300 _a381 p. :
_bill. ;
_c24 cm.
500 _aIncludes index
650 0 _aAudio-visual education.
_9180554
700 1 _aPacker, Harry Q.,
_ejoint author.
_9182293
942 _2ddc
_cBK
999 _c61083
_d61083